La educación como agente del desarrollo: el caso ecuatoriano /
Guardado en:
| Autor principal: | |
|---|---|
| Formato: | Libro |
| Lenguaje: | Spanish |
| Etiquetas: |
Agregar Etiqueta
Sin Etiquetas, Sea el primero en etiquetar este registro!
|
MARC
| LEADER | 00000nam a22000007a 4500 | ||
|---|---|---|---|
| 003 | cru CIDCACS/IIS | ||
| 005 | 20170713084119.0 | ||
| 007 | ta | ||
| 008 | 170531s1979 ec ||||| |||| 00| 0 spa d | ||
| 999 | |c 19425 |d 19425 | ||
| 040 | |c cru CIDCACS/IIS | ||
| 100 | 1 | |9 4964 |a Corrales P., Manuel | |
| 245 | 1 | 3 | |a La educación como agente del desarrollo: |b el caso ecuatoriano / |c Manuel Corrales P. |
| 300 | |a páginas 203-229 | ||
| 773 | 0 | |0 19408 |9 992 |d Quito, Ecuador: Ediciones LIBRI MUNDI, 1979 |o 17491 |t Desarrollo y cambio socio-económico en el Ecuador / | |
| 942 | |2 ddc |c LI | ||
